000 00854nam a22002297a 4500
003 BUBTL
008 240306b ||||| |||| 00| 0 eng d
020 _a9789356746138
082 _a657/ M2779i/ 2023
100 _93015
_aMaheshwari, S.N.
245 _aAn Introduction to Accountancy /
_cS N Maheshwari, Suneel K Maheshwari, Sharad K Maheshwari
250 _a13 ed.
260 _aIndia:
_bVikas Publishing House Private Limited
_cc2023
300 _axvi, 1000 p. :
_c24 cm.
505 _aAn Introduction to Accountancy, Accounting Principles and Processes, Meaning and Scope of Accounting, Accounting Principles, Basic Accounting Terms
650 0 _95
_aAccounting
700 _95716
_aMaheshwari, Suneel K
700 _95717
_aMaheshwari, Sharad K
856 _k0
_l0
_yDownload
942 _2ddc
_cBK
999 _c7247
_d7247